000 01000nam a2200325 a 4500
001 26632
003 CO-ViMGA
005 20230915223423.0
006 a4339453
008 141112s2004 ck r 000 u spa d
015 _aMON0812
017 _aB 25544 - 2006 Oficina Depósito Legal Barcelona
020 _a9872226954
035 _a(OCoLC)776289442
040 _aCO-ViMGA
_bspa
_cCO-ViMGA
080 _a811.111(076)
082 0 4 _a823.9 N28c
100 1 _aNesbit, Edith, 1858 - 1924
_93662
245 1 0 _aCinco niños y eso /
_cEdith Nesbit ; Edicion literaria a cargo de Graciela Equiza ; ilustraciones de Emiliano Pereyra
250 _a1a. ed.
260 _aAndres Bello Argentina
300 _a213 p. il. col. 19 cm
490 0 _aBlack cat. Green apple
594 _aAdaptación de : Five children and It / E. Nesbit
650 1 4 _aNovela infantil y juvenil inglesa
_93663
700 1 _aAverbach, Margara, tr.
_93664
926 _aMONOMODERN
942 _2ddc
_cBK
956 _a2
999 _c9984
_d9984